Triśūlī. (Record no. 1803)
[ view plain ]
| 000 -LEADER | |
|---|---|
| fixed length control field | 01240cas a2200349 a 4500 |
| 001 - CONTROL NUMBER | |
| control field | data |
| 005 - DATE AND TIME OF LATEST TRANSACTION | |
| control field | 20260322212119.0 |
| 008 - FIXED-LENGTH DATA ELEMENTS--GENERAL INFORMATION | |
| fixed length control field | data |
| 010 ## - LIBRARY OF CONGRESS CONTROL NUMBER | |
| LC control number | 70923272 |
| 035 ## - SYSTEM CONTROL NUMBER | |
| System control number | (OCoLC)9163055 |
| 040 ## - CATALOGING SOURCE | |
| Original cataloging agency | DLC |
| Language of cataloging | eng |
| Transcribing agency | DLC |
| Modifying agency | OCLCL |
| -- | DLC |
| -- | OCLCQ |
| -- | OCLCF |
| -- | OCLCO |
| -- | OCLCQ |
| -- | OCLCL |
| 042 ## - AUTHENTICATION CODE | |
| Authentication code | pcc |
| 050 00 - LIBRARY OF CONGRESS CALL NUMBER | |
| Classification number | PK2598.A2 |
| Item number | T725 |
| 245 00 - TITLE STATEMENT | |
| Title | Triśūlī. |
| 260 ## - PUBLICATION, DISTRIBUTION, ETC. | |
| Place of publication, distribution, etc. | [Kathmandu, Nepal?] : |
| Name of publisher, distributor, etc. | Pa. 1 Nam. Svatantra Vidyārthī Yūniyana, |
| Date of publication, distribution, etc. | [2028? i.e. 1971?- |
| 300 ## - PHYSICAL DESCRIPTION | |
| Extent | volumes ; |
| Dimensions | 22 cm |
| 336 ## - CONTENT TYPE | |
| Content type term | text |
| Content type code | txt |
| Source | rdacontent |
| 337 ## - MEDIA TYPE | |
| Media type term | unmediated |
| Media type code | n |
| Source | rdamedia |
| 338 ## - CARRIER TYPE | |
| Carrier type term | volume |
| Carrier type code | nc |
| Source | rdacarrier |
| 362 0# - DATES OF PUBLICATION AND/OR SEQUENTIAL DESIGNATION | |
| Dates of publication and/or sequential designation | Varsha 1, chāla 1 (Vaiśākha 028 [Apr./May 1971])- |
| 546 ## - LANGUAGE NOTE | |
| Language note | In Nepali. |
| 650 #0 - SUBJECT ADDED ENTRY--TOPICAL TERM | |
| Topical term or geographic name entry element | Nepali literature. |
| 650 #0 - SUBJECT ADDED ENTRY--TOPICAL TERM | |
| Topical term or geographic name entry element | Newari literature. |
| 650 #0 - SUBJECT ADDED ENTRY--TOPICAL TERM | |
| Topical term or geographic name entry element | Tamang literature. |
| 650 #7 - SUBJECT ADDED ENTRY--TOPICAL TERM | |
| Topical term or geographic name entry element | Nepali literature. |
| Source of heading or term | fast |
| Authority record control number or standard number | (OCoLC)fst01035954 |
| 650 #7 - SUBJECT ADDED ENTRY--TOPICAL TERM | |
| Topical term or geographic name entry element | Newari literature. |
| Source of heading or term | fast |
| Authority record control number or standard number | (OCoLC)fst01036973 |
| 650 #7 - SUBJECT ADDED ENTRY--TOPICAL TERM | |
| Topical term or geographic name entry element | Tamang literature. |
| Source of heading or term | fast |
| Authority record control number or standard number | (OCoLC)fst01745566 |
| 710 2# - ADDED ENTRY--CORPORATE NAME | |
| Corporate name or jurisdiction name as entry element | Pa. 1 Nam. Svatantra Vidyārthī Yūniyana (Nepal) |
| Real World Object URI | https://id.oclc.org/worldcat/entity/E39QH7JmqHqwDH8b4WjV9BTYqF |
| 906 ## - LOCAL DATA ELEMENT F, LDF (RLIN) | |
| a | 7 |
| b | cbc |
| c | serials |
| d | 4 |
| e | ncip |
| f | 19 |
| g | n-oclcserc |
| 991 ## - | |
| -- | c-Asian |
| -- | PK2598.A2 |
| -- | T725 |
| -- | Nep |
| -- | SERIALS |
| Withdrawn status | Lost status | Damaged status | Not for loan | Home library | Current library | Shelving location | Date acquired | Total checkouts | Full call number | Barcode | Date last seen | Price effective from | Koha item type |
|---|---|---|---|---|---|---|---|---|---|---|---|---|---|
| Franklin | Franklin | General stacks | 22/03/2026 | PK2598.A2 | LOC-FRL-00039 | 22/03/2026 | 22/03/2026 | Books |